| 000 | 00881nam0a22002531 4500 | ||
|---|---|---|---|
| 001 | rc\2968821 | ||
| 005 | 20250530000800.0 | ||
| 035 | _a(NLR Aleph) 007115095 | ||
| 090 |
_a6806301 _c6806301 |
||
| 100 | _a20071210d1933 |||y0rusy50 ca | ||
| 101 | 0 | _arus | |
| 102 | _aRU | ||
| 105 | _ay z ||||y | ||
| 200 | 1 |
_aГлавное звено _eСборник очерков слушателей Курсов газетных работников при ред. газ. "Ленингр. правда" |
|
| 210 |
_a[Ленинград] _cЛоиз _d1933 _gтип. "Ленингр. правда" |
||
| 215 |
_a52 с. _d20х14 см |
||
| 300 | _aОбл.: V.S. | ||
| 702 | 1 |
_aV. S. _4570 |
|
| 712 | 0 | 2 |
_aКурсы газетных работников _cЛенинград _4570 |
| 801 | 0 |
_aRU _bNLR _gpsbo |
|
| 801 | 1 |
_aRU _bELAR _2rusmarc |
|
| 852 |
_aNLR _j34-9/4 |
||
| 942 | _cBOOK | ||
| 980 | _aNB | ||